000 00356nam a22001217a 4500
082 _a220 PRO
100 _aHAZBAR SHABBIR KHAN, ABDUL BASIT KHAN, IHTESHAM UL HAQ, NOUMAN ABID
_971614
245 _aPR-SOF-1474-SMART STETH
260 _aISLAMABAD
_bNUST COLELGE OF EME
_c2015
650 _aDE-COMP-33
_971615
700 _aDR SAAD REHMAN
_916115
942 _cCR
999 _c578035
_d578035